Normal view
MARC view
- L. Bostock
Entry Personal Name
001 - CONTROL NUMBER
- control field: 127005
003 - CONTROL NUMBER IDENTIFIER
- control field: NUST
005 - DATE AND TIME OF LATEST TRANSACTION
- control field: 20241204144219.0
008 - FIXED-LENGTH DATA ELEMENTS
- fixed length control field: 241204|| aca||aabn | a|a d
040 ## - CATALOGING SOURCE
- Original cataloging agency: NUST
- Transcribing agency: NUST
100 ## - HEADING--PERSONAL NAME
- Personal name: L. Bostock
670 ## - SOURCE DATA FOUND
- Source citation: Work cat.: (NUST): L. Bostock, Mathematics - The core course for A- level, 1987.
